000 00520nam a2200181Ia 4500
003 IN-BaIIA
008 211028s9999 xx 000 0 eng d
020 _a978-0-471-68057-4
040 _cIIA Library
080 _a539.2
_bKIT
100 _aKittel, C.
_932397
245 0 _aIntroduction to solid state physics
_cC. Kittel
250 _a8th ed.
260 _aNew Jersey
_bWiley Eastern
_c2005
300 _axix, 680p.
650 _aSolid state physics,
942 _cBK
999 _c17189
_d17189